Loading...
| Literature - American Literature | 0 | 7 | 2 | 0 | 60 | 52 | 119.71 | 0 | 1 |
| Literature - British Literature | 0 | 5 | 2 | 1 | 40 | 130 | 143.60 | 0 | 0 |
| Science - Chemistry | 0 | 4 | 1 | 0 | 35 | 85 | 104.75 | 0 | 0 |
| Science - Physics | 0 | 3 | 0 | 0 | 30 | 103 | 122.33 | 0 | 0 |
| Literature - European Literature | 0 | 2 | 0 | 0 | 20 | 138 | 142.50 | 0 | 1 |
| Literature - World Literature | 0 | 3 | 3 | 0 | 15 | 104 | 126.67 | 0 | 2 |
| Religion | 0 | 1 | 0 | 0 | 10 | 90 | 90.00 | 0 | 1 |
| Science - Biology | 0 | 1 | 0 | 0 | 10 | 125 | 125.00 | 0 | 0 |
| Mythology | 0 | 1 | 0 | 0 | 10 | 129 | 129.00 | 0 | 0 |
| Fine Arts - Other Fine Arts | 0 | 1 | 0 | 0 | 10 | 130 | 130.00 | 0 | 0 |
| Fine Arts - Painting & Sculpture | 0 | 1 | 0 | 0 | 10 | 144 | 144.00 | 0 | 0 |
| History - American History | 0 | 1 | 0 | 1 | 10 | 155 | 155.00 | 0 | 0 |
| Other Academic | 0 | 1 | 0 | 0 | 10 | 88 | 88.00 | 0 | 0 |
| Philosophy | 0 | 1 | 0 | 0 | 10 | 150 | 150.00 | 0 | 0 |
| Science - Other Science | 0 | 0 | 0 | 0 | 0 | 0.00 | 0 | 0 | |
| Fine Arts - Classical Music | 0 | 0 | 0 | 0 | 0 | 0.00 | 0 | 0 |